| 000 | 00385nam a22001697a 4500 | ||
|---|---|---|---|
| 005 | 20160530163159.0 | ||
| 008 | 160530b xxu||||| |||| 00| 0 eng d | ||
| 020 | _a81-7554-258-6 | ||
| 041 | _aeng | ||
| 082 | _b6181 | ||
| 100 |
_aBesken and earls _91554 |
||
| 245 | _aBrand New Brand Thinking | ||
| 260 |
_bKogan _c2004 |
||
| 300 | _a205 | ||
| 650 |
_aManagement _9241 |
||
| 942 | _cBK | ||
| 999 |
_c2194 _d2193 |
||